000 01265cab a22003135a 4500
001 L144504
008 080723e20080719xxka f g 000 0 eng d
035 _a(Sirsi) u144504
041 0 _aeng
100 1 _aPuggaard, Ulla
245 0 4 _aThe shining beacon
260 _c2008
490 _aEstates Gazette
_v(0828) 19 July 2008, 104-106(3)
520 _aDiscusses the Forsyth-Grant v Allen case (L143263), in which the Court of Appeal found that account of profits is not an appropriate remedy in an easements case.
650 2 4 _aRIGHTS TO LIGHT
650 2 4 _aFORSYTH-GRANT V ALLEN
650 2 4 _aWROTHAM PARK ESTATE CO LTD V PARKSIDE HOMES LTD
650 2 4 _aAMEC DEVELOPMENTS LTD V JURY'S HOTEL MANAGEMENT (UK) LTD
650 2 4 _aLUNN POLY LTD AND ANOTHER V LIVERPOOL AND LANCASHIRE PROPERTIES LTD AND ANOTHER
650 2 4 _aWORLD WIDE FUND FOR NATURE V WORLD WRESTLING FEDERATION ENTERTAINMENT INC
650 2 4 _aTAMARES (VINCENT SQUARE) LTD V FAIRPOINT PROPERTIES (VINCENT SQUARE) LTD
650 2 4 _aCHANCERY AMENDMENT ACT 1858
650 2 4 _aSUPREME COURT ACT 1981
650 2 4 _aHENDRIX LCC V PPX ENTERPRISES INC
650 2 4 _aATTORNEY GENERAL V BLAKE
651 4 _aEngland and Wales
_y1543-
690 _aBoundary disputes
_96221
942 _n0
999 _c80500
_d80500